[Event "Campionatul National de sah al Romaniei"]
[Site "Baile Felix"]
[Date "2017.02.03"]
[Round "2.18"]
[White "Palii, Alex"]
[Black "Petrusan, George-Cristian"]
[Result "1-0"]
[WhiteElo "1809"]
[BlackElo "1355"]
[PlyCount "51"]
[EventDate "2017.02.02"]
[EventRounds "9"]

1. e4 c6 2. d4 d5 3. Nc3 dxe4 4. Nxe4 Bf5 5. Ng3 Bg6 6. h4 h6 7. Nf3 Nd7 8. h5
Bh7 9. Bd3 Bxd3 10. Qxd3 e6 11. Bd2 Ngf6 12. c4 Be7 13. O-O-O O-O 14. Ne4 Nxe4
15. Qxe4 Nf6 16. Qe2 Qc7 17. g4 Nh7 18. Rdg1 Ng5 19. Ne5 Qd8 20. f4 Nh7 21. g5
hxg5 22. fxg5 Qxd4 23. g6 fxg6 24. hxg6 Nf6 25. Qh2 Qxg1+ 26. Rxg1 1-0

[Event "Campionatul National de sah al Romaniei"]
[Site "Baile Felix"]
[Date "2017.02.02"]
[Round "1.7"]
[White "Mongescu, Victor"]
[Black "Palii, Alex"]
[Result "1-0"]
[WhiteElo "2016"]
[BlackElo "1809"]
[PlyCount "69"]
[EventDate "2017.02.02"]
[EventRounds "9"]

1. e4 c5 2. c3 e6 3. d4 d5 4. Nd2 Nc6 5. Ngf3 Nf6 6. Bd3 cxd4 7. cxd4 dxe4 8.
Nxe4 Be7 9. Nc3 a6 10. a3 O-O 11. O-O b5 12. Be3 Bb7 13. Qe2 Qd6 14. Rad1 Rac8
15. Rfe1 Na5 16. Ne5 Nc4 17. Bc1 Bd8 18. Bxc4 bxc4 19. Bf4 Nd5 20. Bg3 Nxc3 21.
bxc3 Qxa3 22. Nd7 Qxc3 23. Nxf8 Kxf8 24. d5 Qf6 25. dxe6 fxe6 26. Qg4 Qf5 27.
Qxf5+ exf5 28. Rd7 Ba5 29. Bd6+ Kg8 30. Ree7 Bc3 31. Rxb7 Bf6 32. Re1 c3 33.
Rb8 Rxb8 34. Bxb8 Bg5 35. f4 1-0

[Event "European Union Youth Championship - U14"]
[Site "Kouty nad Desnou, hotel DS"]
[Date "2016.08.14"]
[Round "9.5"]
[White "Palii, Alex"]
[Black "Sankova, Stella"]
[Result "0-1"]
[WhiteElo "1737"]
[BlackElo "1898"]
[PlyCount "92"]
[EventDate "2016.08.06"]
[EventRounds "9"]
[EventCountry "CZE"]

1. e4 c5 2. c3 Nf6 3. e5 Nd5 4. Nf3 e6 5. Bc4 Nb6 6. Bb3 c4 7. Bc2 d6 8. exd6
Bxd6 9. O-O Be7 10. d3 cxd3 11. Bxd3 N8d7 12. Qc2 h6 13. a4 O-O 14. Nbd2 Nc5
15. Be2 a5 16. Rd1 Bd7 17. Ne4 Qc7 18. Nxc5 Bxc5 19. Qe4 Bc6 20. Qg4 Kh8 21.
Bf4 Qe7 22. Be5 f6 23. Bg3 Rfd8 24. Bd3 f5 25. Qh3 Bxf3 26. gxf3 Nd5 27. Be5
Qg5+ 28. Qg3 Bd6 29. Qxg5 hxg5 30. Bxd6 Rxd6 31. Bc4 Rad8 32. Re1 Nf4 33. Re5
Rd1+ 34. Re1 Rxa1 35. Rxa1 Rd2 36. Re1 Rxb2 37. Bxe6 Nh3+ 38. Kg2 Nxf2 39. Kf1
g6 40. Bc4 Nh3 41. Re8+ Kg7 42. Rg8+ Kf6 43. Rf8+ Ke5 44. Re8+ Kf4 45. Rd8 Rxh2
46. Rd4+ Kxf3 0-1

[Event "European Union Youth Championship - U14"]
[Site "Kouty nad Desnou, hotel DS"]
[Date "2016.08.12"]
[Round "7.6"]
[White "Palii, Alex"]
[Black "Gresova, Zuzana"]
[Result "0-1"]
[WhiteElo "1737"]
[BlackElo "1810"]
[PlyCount "76"]
[EventDate "2016.08.06"]
[EventRounds "9"]
[EventCountry "CZE"]

1. e4 c5 2. c3 d5 3. exd5 Qxd5 4. Nf3 Nf6 5. Na3 e6 6. d4 Bd7 7. Be2 cxd4 8.
cxd4 Bxa3 9. bxa3 O-O 10. Rb1 Bc6 11. O-O Nbd7 12. Bf4 Rac8 13. Ne1 Nb6 14. Qd3
Qe4 15. Qxe4 Bxe4 16. Rb3 Rfd8 17. Be3 Bd5 18. Rb4 Bxa2 19. Nd3 Nfd5 20. Rb2
Nc3 21. Nc1 Nxe2+ 22. Nxe2 Bc4 23. Re1 Bxe2 24. Rexe2 Rc3 25. Ra2 Rdc8 26. g3
Nd5 27. a4 h6 28. Reb2 R8c7 29. Re2 Kh7 30. Kg2 Rb3 31. Bd2 Rd3 32. Be3 Rcc3
33. Reb2 Rb3 34. Kf3 f5 35. a5 g5 36. h3 h5 37. g4 hxg4+ 38. hxg4 f4 0-1

[Event "European Union Youth Championship - U14"]
[Site "Kouty nad Desnou, hotel DS"]
[Date "2016.08.11"]
[Round "6.3"]
[White "David, Bogdan-Emanuel"]
[Black "Palii, Alex"]
[Result "1-0"]
[WhiteElo "2092"]
[BlackElo "1737"]
[PlyCount "49"]
[EventDate "2016.08.06"]
[EventRounds "9"]
[EventCountry "CZE"]

1. e4 d5 2. exd5 Qxd5 3. Nc3 Qd6 4. d4 c6 5. Nf3 Bg4 6. Be2 Nf6 7. O-O e6 8.
Be3 Nbd7 9. Nd2 Bf5 10. Bf3 Qc7 11. Nce4 Bxe4 12. Nxe4 Nxe4 13. Bxe4 Nf6 14.
Bf3 Bd6 15. g3 O-O-O 16. c4 h5 17. c5 Bxc5 18. Qa4 Bb6 19. Rac1 Nd5 20. b4 Qd7
21. b5 Kb8 22. bxc6 bxc6 23. Rxc6 Rc8 24. Bf4+ Rc7 25. Rb1 1-0

[Event "European Union Youth Championship - U14"]
[Site "Kouty nad Desnou, hotel DS"]
[Date "2016.08.10"]
[Round "5.7"]
[White "Dejmal, Ondrej"]
[Black "Palii, Alex"]
[Result "0-1"]
[WhiteElo "1600"]
[BlackElo "1737"]
[PlyCount "58"]
[EventDate "2016.08.06"]
[EventRounds "9"]
[EventCountry "CZE"]

1. e4 c5 2. Nf3 e6 3. d4 cxd4 4. Nxd4 a6 5. Nc3 Qc7 6. Bd3 Nf6 7. O-O b5 8. Bg5
Be7 9. Kh1 Bb7 10. Qe2 d6 11. f4 Nbd7 12. Rae1 h6 13. e5 dxe5 14. fxe5 hxg5 15.
Nf3 Nh5 16. Qf2 O-O-O 17. Rd1 Bc5 18. Qe1 g4 19. Ng5 Qxe5 20. Qxe5 Nxe5 21.
Nge4 Bxe4 22. Nxe4 Be7 23. Rfe1 f5 24. Nf2 Nxd3 25. Nxd3 Ng3+ 26. Kg1 Ne4 27.
a3 Bc5+ 28. Kf1 Rxh2 29. Rxe4 fxe4 0-1

[Event "European Union Youth Championship - U14"]
[Site "Kouty nad Desnou, hotel DS"]
[Date "2016.08.09"]
[Round "4.2"]
[White "Palii, Alex"]
[Black "Jazdanovs, Aleksandrs"]
[Result "0-1"]
[WhiteElo "1737"]
[BlackElo "2040"]
[PlyCount "70"]
[EventDate "2016.08.06"]
[EventRounds "9"]
[EventCountry "CZE"]

1. e4 c6 2. d4 d5 3. Nc3 dxe4 4. Nxe4 Bf5 5. Ng3 Bg6 6. h4 h6 7. Nf3 Nd7 8. h5
Bh7 9. Bd3 Bxd3 10. Qxd3 e6 11. O-O Qc7 12. c4 Ngf6 13. Re1 O-O-O 14. c5 Nxc5
15. Qc2 Ncd7 16. Bd2 Kb8 17. a4 Bd6 18. Qc1 Nd5 19. Ne4 Bf4 20. g3 Bxd2 21.
Nfxd2 e5 22. dxe5 Nxe5 23. Ra3 Nb4 24. Qc3 Ned3 25. Rf1 f5 26. Nc5 Nxc5 27.
Qxb4 Nd3 28. Qc3 f4 29. g4 Ne5 30. f3 Rd3 31. Qc2 Rhd8 32. Rxd3 Rxd3 33. Kg2
Qd6 34. Ne4 Qd4 35. Rf2 Nxg4 0-1

[Event "European Union Youth Championship - U14"]
[Site "Kouty nad Desnou, hotel DS"]
[Date "2016.08.08"]
[Round "3.4"]
[White "Palii, Alex"]
[Black "Mantel, Ruben"]
[Result "1-0"]
[WhiteElo "1737"]
[BlackElo "1962"]
[PlyCount "39"]
[EventDate "2016.08.06"]
[EventRounds "9"]
[EventCountry "CZE"]

1. e4 c5 2. c3 d5 3. exd5 Qxd5 4. Nf3 Nc6 5. d4 cxd4 6. cxd4 e6 7. Nc3 Bb4 8.
Bd3 Nf6 9. O-O Bxc3 10. bxc3 O-O 11. Re1 b6 12. Ne5 Bb7 13. f3 Rfd8 14. Bg5
Rac8 15. Qd2 Nxd4 16. cxd4 Qxd4+ 17. Kh1 Rd5 18. Bxf6 gxf6 19. Qh6 f5 20. Ng4
1-0

[Event "European Union Youth Championship - U14"]
[Site "Kouty nad Desnou, hotel DS"]
[Date "2016.08.07"]
[Round "2.5"]
[White "Strassburg, Robin Leonard"]
[Black "Palii, Alex"]
[Result "1/2-1/2"]
[WhiteElo "1819"]
[BlackElo "1737"]
[PlyCount "68"]
[EventDate "2016.08.06"]
[EventRounds "9"]
[EventCountry "CZE"]

1. d4 Nf6 2. Nf3 e6 3. e3 b6 4. Bd3 Bb7 5. Nbd2 d5 6. O-O Bd6 7. Qe2 Ne4 8. Ne5
Nd7 9. f4 O-O 10. c3 a6 11. Ndf3 f6 12. Nxd7 Qxd7 13. Bd2 Qe8 14. Be1 Qh5 15.
Nd2 Qh6 16. Nxe4 dxe4 17. Bc4 f5 18. Qf2 b5 19. Bb3 Qg6 20. Qg3 Qe8 21. Qf2 c5
22. Rc1 c4 23. Bd1 Rf6 24. Qd2 Rh6 25. Bg3 Qe7 26. a3 Kh8 27. Be2 Rg8 28. Qe1
g5 29. Qf2 gxf4 30. Bxf4 Rhg6 31. g3 Qc7 32. Bxd6 Qxd6 33. Qf4 Qxf4 34. Rxf4
Rg5 1/2-1/2

[Event "European Union Youth Championship - U14"]
[Site "Kouty nad Desnou, hotel DS"]
[Date "2016.08.06"]
[Round "1.3"]
[White "Palii, Alex"]
[Black "Malicka, Maria"]
[Result "1/2-1/2"]
[WhiteElo "1737"]
[BlackElo "2009"]
[PlyCount "91"]
[EventDate "2016.08.06"]
[EventRounds "9"]
[EventCountry "CZE"]

1. e4 e5 2. Nf3 Nc6 3. Bc4 Bc5 4. O-O Nf6 5. d3 d6 6. Bg5 h6 7. Bh4 g5 8. Bg3
Bg4 9. c3 Qd7 10. b4 Bb6 11. a4 a6 12. Nbd2 Ne7 13. Qc2 Ng6 14. d4 Qe7 15. a5
Ba7 16. Rfb1 Nh5 17. b5 axb5 18. Bxb5+ c6 19. Bc4 Nxg3 20. hxg3 Bxf3 21. Nxf3
g4 22. Nh2 exd4 23. Nxg4 Ne5 24. Nxe5 dxe5 25. Rb3 dxc3 26. Rab1 Rb8 27. Ba6
O-O 28. Bxb7 Bd4 29. a6 Qc5 30. Rb6 Qe7 31. a7 Bxb6 32. axb8=Q Rxb8 33. Rxb6
Rxb7 34. Rxc6 Rb2 35. Qxc3 Rb1+ 36. Kh2 Qg5 37. Qf3 Kg7 38. Rc7 Qg6 39. Qf5 Rb5
40. Qxg6+ Kxg6 41. g4 Rb2 42. Kg3 f6 43. f3 Ra2 44. Rc1 Rb2 45. Rf1 Kg5 46. Rh1
1/2-1/2

[Event "Campionatul National de sah clasic-2016"]
[Site "Calimanesti-Caciulata"]
[Date "2016.04.25"]
[Round "9.6"]
[White "Palii, Alex"]
[Black "Dobrin, Ionut-Alexandru"]
[Result "0-1"]
[WhiteElo "1859"]
[BlackElo "1692"]
[PlyCount "78"]
[EventDate "2016.04.18"]
[EventRounds "9"]

1. e4 d5 2. exd5 Nf6 3. d4 Bg4 4. Be2 Bxe2 5. Nxe2 Qxd5 6. O-O Nc6 7. Nbc3 Qd7
8. a3 O-O-O 9. Be3 e5 10. dxe5 Nxe5 11. Qc1 Bd6 12. Rd1 Neg4 13. h3 Nxe3 14.
Qxe3 Kb8 15. Rd3 Qe7 16. Qf3 Bc5 17. b4 Rxd3 18. Qxd3 Rd8 19. Qf3 Bb6 20. a4 c6
21. a5 Bc7 22. a6 Qxb4 23. axb7 Qxb7 24. Ng3 Bb6 25. Rb1 Nd5 26. Nxd5 cxd5 27.
Rb3 d4 28. Qd3 g6 29. Ne4 Qe7 30. Kf1 Re8 31. Qg3+ Ka8 32. f3 f5 33. Nd6 Qe2+
34. Kg1 d3+ 35. Kh2 d2 36. Nxe8 d1=Q 37. Qc7 Qg1+ 38. Kg3 Qexg2+ 39. Kf4 Qd4#
0-1

[Event "Campionatul National de sah clasic-2016"]
[Site "Calimanesti-Caciulata"]
[Date "2016.04.24"]
[Round "8.11"]
[White "Farcadi, Hunor"]
[Black "Palii, Alex"]
[Result "0-1"]
[WhiteElo "1716"]
[BlackElo "1859"]
[PlyCount "110"]
[EventDate "2016.04.18"]
[EventRounds "9"]

1. e4 d5 2. exd5 Qxd5 3. Nc3 Qd6 4. d4 c6 5. Nf3 Bg4 6. Be3 Nf6 7. h3 Bxf3 8.
Qxf3 e6 9. Be2 Nbd7 10. a3 Qc7 11. O-O Bd6 12. b4 a6 13. Rfe1 O-O 14. Rad1 Nd5
15. Ne4 Be7 16. c4 Nxe3 17. Qxe3 Nf6 18. Nxf6+ Bxf6 19. d5 exd5 20. cxd5 cxd5
21. Rxd5 Rfe8 22. Qf3 Re6 23. Rc5 Qe7 24. Kf1 Re8 25. Rc2 Bd4 26. Qf4 Bb6 27.
f3 Rf6 28. Qd2 Re6 29. Qf4 Re3 30. a4 Re6 31. a5 Be3 32. Qc4 Rc6 33. Qb3 Rxc2
34. Qxc2 Qxb4 35. Bd3 g6 36. Be4 Ba7 37. Rd1 Qxa5 38. Rd6 Qb5+ 39. Rd3 Qb6 40.
g4 Re5 41. Rb3 Qg1+ 42. Ke2 Qf2+ 43. Kd1 Qf1+ 44. Kd2 Qf2+ 45. Kd1 Qf1+ 46. Kd2
Rc5 47. Qd3 Qf2+ 48. Kd1 Qg1+ 49. Kd2 Rc1 50. Qd8+ Kg7 51. Bc2 Qe1+ 52. Kd3
Qe3+ 53. Kc4 Rxc2+ 54. Kb4 Qc5+ 55. Ka4 Rc4+ 0-1

[Event "Campionatul National de sah clasic-2016"]
[Site "Calimanesti-Caciulata"]
[Date "2016.04.23"]
[Round "7.6"]
[White "Palii, Alex"]
[Black "Craciun, Alexandru-Emilian"]
[Result "0-1"]
[WhiteElo "1859"]
[BlackElo "1855"]
[PlyCount "122"]
[EventDate "2016.04.18"]
[EventRounds "9"]

1. e4 e6 2. d4 d5 3. Nd2 Nf6 4. Bd3 c5 5. c3 Nc6 6. Ngf3 dxe4 7. Nxe4 cxd4 8.
cxd4 Be7 9. O-O O-O 10. Bb1 Nd5 11. a3 f5 12. Ng3 Bf6 13. Ba2 b6 14. Re1 Qd6
15. Nh5 Bb7 16. Nxf6+ Rxf6 17. Ne5 Nc7 18. Bg5 Rff8 19. Rc1 Rac8 20. Rc3 Rfe8
21. Qh5 Nxe5 22. dxe5 Qd7 23. Rg3 Qf7 24. Qh4 Bd5 25. Bf6 g6 26. Ree3 Nb5 27.
h3 f4 28. Qxf4 Bxa2 29. Qh6 Bb1 30. h4 Rc4 31. h5 Nc7 32. hxg6 Bxg6 33. Ref3
Nd5 34. Bg5 Qg7 35. Qh3 Qxe5 36. Bh6 Nf4 37. Bxf4 Rxf4 38. Qh6 Rxf3 39. Rxg6+
hxg6 40. Qxg6+ Qg7 41. Qxe8+ Rf8 42. Qxe6+ Rf7 43. Qc8+ Qf8 44. Qg4+ Qg7 45.
Qc8+ Kh7 46. Qh3+ Qh6 47. Qd3+ Kg7 48. Qd4+ Qf6 49. Qg4+ Kf8 50. Qc8+ Ke7 51.
Qc7+ Ke8 52. Qb8+ Qd8 53. Qe5+ Re7 54. Qh5+ Kd7 55. Qd5+ Kc7 56. Qxd8+ Kxd8 57.
Kh2 Re2 58. Kg3 Rxb2 59. f4 Rb3+ 60. Kg4 Ke7 61. Kg5 Rg3+ 0-1

[Event "Campionatul National de sah clasic-2016"]
[Site "Calimanesti-Caciulata"]
[Date "2016.04.22"]
[Round "6.6"]
[White "Kelemen, Norbert"]
[Black "Palii, Alex"]
[Result "1/2-1/2"]
[WhiteElo "1652"]
[BlackElo "1859"]
[PlyCount "67"]
[EventDate "2016.04.18"]
[EventRounds "9"]

1. e4 c5 2. Nc3 Nc6 3. g3 g6 4. Bg2 Bg7 5. Nge2 d6 6. d3 Rb8 7. Be3 b5 8. Qd2
b4 9. Nd1 h5 10. f4 e5 11. O-O h4 12. c3 hxg3 13. hxg3 bxc3 14. Ndxc3 Nd4 15.
Bxd4 cxd4 16. Nd5 Nf6 17. Nxf6+ Bxf6 18. Rfc1 Bd7 19. b4 Qb6 20. a3 Ke7 21. Rc2
Ba4 22. Rb2 Rhc8 23. Rab1 Bb5 24. Ra2 Ba4 25. Rab2 a6 26. Bh3 Rc6 27. Ra1 Rb7
28. Kf1 Rc3 29. Rc1 Rxc1+ 30. Nxc1 Rc7 31. Ne2 Qb8 32. Kf2 Qb6 33. Kf1 Rc6 34.
Ke1 1/2-1/2

[Event "Campionatul National de sah clasic-2016"]
[Site "Calimanesti-Caciulata"]
[Date "2016.04.21"]
[Round "4.7"]
[White "Olariu, Luca-Stefan"]
[Black "Palii, Alex"]
[Result "0-1"]
[WhiteElo "1770"]
[BlackElo "1859"]
[PlyCount "78"]
[EventDate "2016.04.18"]
[EventRounds "9"]

1. e4 d5 2. exd5 Qxd5 3. Nc3 Qd6 4. d4 c6 5. Nf3 Bg4 6. Bc4 e6 7. O-O Nd7 8. h3
Bxf3 9. Qxf3 Qxd4 10. Bb3 Be7 11. Be3 Qf6 12. Qg3 Qe5 13. Bf4 Qh5 14. Qxg7 Bf6
15. Qg3 Nh6 16. Bxh6 Qxh6 17. Ne4 Be5 18. f4 Bc7 19. Qc3 Rg8 20. f5 O-O-O 21.
fxe6 fxe6 22. Nf6 Rg3 23. Rf3 Rxf3 24. Qxf3 Qxf6 25. Qxf6 Nxf6 26. Bxe6+ Kb8
27. Rf1 Nd5 28. Rf7 h6 29. c4 Bb6+ 30. Kh1 Ne3 31. Rh7 Bc7 32. Rd7 Rxd7 33.
Bxd7 Nxc4 34. b3 Ne5 35. Bf5 b5 36. g4 c5 37. h4 Nf3 38. g5 hxg5 39. hxg5 Nxg5
0-1

[Event "Campionatul National de sah clasic-2016"]
[Site "Calimanesti-Caciulata"]
[Date "2016.04.21"]
[Round "5.4"]
[White "Palii, Alex"]
[Black "Voinescu, David-Ioan"]
[Result "1/2-1/2"]
[WhiteElo "1859"]
[BlackElo "1786"]
[PlyCount "70"]
[EventDate "2016.04.18"]
[EventRounds "9"]

1. e4 c6 2. d4 d5 3. Nc3 dxe4 4. Nxe4 Bf5 5. Ng3 Bg6 6. h4 h6 7. Nf3 Nd7 8. h5
Bh7 9. Bd3 Bxd3 10. Qxd3 e6 11. Bd2 Ngf6 12. Ne4 Nxe4 13. Qxe4 Nf6 14. Qe2 Bd6
15. Ne5 Qc7 16. O-O-O O-O-O 17. Rh3 Bxe5 18. dxe5 Nd5 19. Ra3 Kb8 20. c4 Nb6
21. c5 Nd7 22. Ba5 b6 23. cxb6 axb6 24. Bc3 Nc5 25. Rxd8+ Rxd8 26. Bb4 Rd5 27.
f4 Qd7 28. Kc2 Qd8 29. Rg3 Qh4 30. Qg4 Qh1 31. Bxc5 Rxc5+ 32. Rc3 Rxc3+ 33.
Kxc3 Qe1+ 34. Kc2 Qf2+ 35. Kc1 Qe1+ 1/2-1/2

[Event "Campionatul National de sah clasic-2016"]
[Site "Calimanesti-Caciulata"]
[Date "2016.04.20"]
[Round "3.11"]
[White "Palii, Alex"]
[Black "Ignat, Matei-Marius"]
[Result "1-0"]
[WhiteElo "1859"]
[BlackElo "1575"]
[PlyCount "105"]
[EventDate "2016.04.18"]
[EventRounds "9"]

1. e4 e5 2. Bc4 Nc6 3. Nf3 Bc5 4. d3 Nf6 5. Nc3 h6 6. Nd5 d6 7. c3 Bg4 8. h3
Bh5 9. b4 Bb6 10. a4 a6 11. Nxb6 cxb6 12. Qe2 d5 13. Bb3 O-O 14. O-O d4 15. c4
Bxf3 16. Qxf3 Nxb4 17. Qg3 Kh7 18. Ba3 Qd6 19. Bd1 a5 20. Bxb4 Qxb4 21. Qxe5
Qc3 22. Be2 Rab8 23. Qf5+ Kg8 24. e5 Nh7 25. f4 Qb4 26. Qe4 Rfd8 27. Rfb1 Qc3
28. Ra2 Nf8 29. Bg4 Nd7 30. Bxd7 Rxd7 31. Rxb6 Qc1+ 32. Kf2 Qc3 33. Rd6 Qb3 34.
Qe2 Rbd8 35. Rxd7 Rxd7 36. Qc2 Qb4 37. Rb2 Qe7 38. g3 Qa3 39. Qb3 Qe7 40. Qb5
Qa3 41. Rd2 Qc3 42. Ke2 Re7 43. Qc5 Re6 44. Qc8+ Kh7 45. Qd7 Qb3 46. Qb5 Qxb5
47. cxb5 b6 48. Rc2 Kg6 49. Rc6 Kf5 50. Kf3 f6 51. exf6 g5 52. f7 h5 53. f8=Q+
1-0

[Event "Campionatul National de sah clasic-2016"]
[Site "Calimanesti-Caciulata"]
[Date "2016.04.19"]
[Round "2.17"]
[White "Butusina, Samuel"]
[Black "Palii, Alex"]
[Result "0-1"]
[WhiteElo "1416"]
[BlackElo "1859"]
[PlyCount "42"]
[EventDate "2016.04.18"]
[EventRounds "9"]

1. e4 c5 2. Nc3 e6 3. Nf3 a6 4. d3 Nc6 5. g3 g6 6. Bg2 Bg7 7. Be3 Nd4 8. Bxd4
cxd4 9. Ne2 e5 10. Nd2 Ne7 11. O-O O-O 12. f4 d6 13. h3 f5 14. Qe1 fxe4 15.
Nxe4 Nf5 16. Qb4 d5 17. Qb3 Kh8 18. Nc5 Ne3 19. Rfc1 Qc7 20. Na4 b5 21. Bxd5
bxa4 0-1

[Event "Campionatul National de sah clasic-2016"]
[Site "Calimanesti-Caciulata"]
[Date "2016.04.18"]
[Round "1.9"]
[White "Palii, Alex"]
[Black "Purece, Victor"]
[Result "0-1"]
[WhiteElo "1859"]
[BlackElo "1541"]
[PlyCount "98"]
[EventDate "2016.04.18"]
[EventRounds "9"]

1. e4 c5 2. c3 d5 3. exd5 Qxd5 4. Nf3 Nf6 5. Na3 Nc6 6. Bc4 Qd8 7. O-O e6 8. d3
Be7 9. Bf4 O-O 10. Bb3 b6 11. Qe2 Bb7 12. Rfd1 h6 13. d4 cxd4 14. Nxd4 Nxd4 15.
Rxd4 Qc8 16. Rd3 Ba6 17. c4 Bxa3 18. bxa3 Bxc4 19. Bxc4 Qxc4 20. Bxh6 Rad8 21.
Bxg7 Qxd3 22. Qxd3 Rxd3 23. Bxf6 Rc8 24. h4 Rxa3 25. h5 Kh7 26. Rd1 Rxa2 27. g4
Rac2 28. Rd7 R2c7 29. Rd3 b5 30. Be5 Rb7 31. Rf3 b4 32. g5 b3 33. Rf6 Kg8 34.
Rh6 Rc1+ 35. Kg2 Kf8 36. Bf6 Ke8 37. Rh8+ Kd7 38. Rd8+ Kc7 39. Rf8 Kd6 40. Rd8+
Kc7 41. Rf8 Kd6 42. g6 fxg6 43. hxg6 Rcc7 44. Rd8+ Kc6 45. Rd2 a5 46. Bb2 a4
47. Ba3 Rg7 48. Rd6+ Kc7 49. Rxe6 b2 0-1

[Event "Campionatul  National de sah pentru cop"]
[Site "Calimanesti-Caciulata"]
[Date "2015.04.06"]
[Round "9.9"]
[White "Palii, Alex"]
[Black "Dumitru, Matei-Ioan"]
[Result "0-1"]
[WhiteElo "1640"]
[BlackElo "1883"]
[PlyCount "54"]
[EventDate "2015.03.30"]
[EventRounds "7"]

1. e4 e5 2. Bc4 Nf6 3. Nc3 Nc6 4. d3 Bc5 5. f4 d6 6. Nf3 Bg4 7. Na4 O-O 8. Nxc5
dxc5 9. Be3 exf4 10. Bxf4 Re8 11. O-O Nd4 12. Kh1 b5 13. Bb3 c4 14. dxc4 Rxe4
15. Qd2 Bxf3 16. gxf3 Re2 17. Qd3 Nh5 18. Bg3 Nxg3+ 19. hxg3 Qd6 20. Qe4 Rxe4
21. fxe4 Qxg3 22. cxb5 Nf3 23. Rxf3 Qxf3+ 24. Kg1 Qg3+ 25. Kh1 Qf2 26. Bd5 Rd8
27. Rg1 Rd6 0-1

[Event "Campionatul  National de sah pentru cop"]
[Site "Calimanesti-Caciulata"]
[Date "2015.04.05"]
[Round "8.10"]
[White "Anghelus, Alin-Gabriel"]
[Black "Palii, Alex"]
[Result "1/2-1/2"]
[WhiteElo "1713"]
[BlackElo "1640"]
[PlyCount "49"]
[EventDate "2015.03.30"]
[EventRounds "7"]

1. e4 c5 2. c3 d5 3. exd5 Qxd5 4. d4 Nc6 5. Nf3 e5 6. Nxe5 Nxe5 7. dxe5 Qxe5+
8. Be3 Bd7 9. Qb3 O-O-O 10. Na3 Bc6 11. Nc4 Qe6 12. Nd2 Qxb3 13. Nxb3 b6 14.
Ba6+ Bb7 15. Bxb7+ Kxb7 16. O-O Nf6 17. Rad1 Be7 18. h3 Ne4 19. Nd2 Nxd2 20.
Rxd2 Rxd2 21. Bxd2 Rd8 22. Bc1 Kc6 23. g3 Bf6 24. Kg2 c4 25. Be3 1/2-1/2

[Event "Campionatul  National de sah pentru cop"]
[Site "Calimanesti-Caciulata"]
[Date "2015.04.04"]
[Round "7.9"]
[White "Palii, Alex"]
[Black "Dicu, Dan Alexandru"]
[Result "1/2-1/2"]
[WhiteElo "1640"]
[BlackElo "1909"]
[PlyCount "109"]
[EventDate "2015.03.30"]
[EventRounds "7"]

1. e4 c5 2. c3 d5 3. exd5 Qxd5 4. d4 Nc6 5. Nf3 Bf5 6. Be3 Nf6 7. dxc5 Qxd1+ 8.
Kxd1 Nd5 9. Bd4 O-O-O 10. Nbd2 f6 11. c4 Ndb4 12. Bc3 Na6 13. Ke1 Nxc5 14. Rd1
Na4 15. Nb3 Rxd1+ 16. Kxd1 Nxc3+ 17. bxc3 e5 18. Nh4 Be6 19. Bd3 g6 20. Nf3 Be7
21. Re1 Bf7 22. Kc2 Bd6 23. Nfd2 b6 24. Ne4 Be7 25. f3 Nd8 26. Bf1 Nb7 27. Rd1
Be6 28. Kb2 Kb8 29. Ned2 Rc8 30. f4 Nd6 31. fxe5 fxe5 32. Re1 Bf6 33. Ne4 Nxe4
34. Rxe4 Bf5 35. Re1 Rd8 36. c5 Kc7 37. cxb6+ axb6 38. Bb5 h5 39. h3 h4 40. Re2
Rd1 41. Nd2 Bg5 42. Ne4 Bf4 43. Ba4 Rg1 44. Bc2 Rc1 45. Nf2 Bxc2 46. Rxc2 Rg1
47. Nd3 g5 48. Re2 Kd6 49. c4 Rd1 50. Kc2 Ra1 51. Kb2 Rd1 52. Kc2 Ra1 53. Kb2
Rd1 54. Kc2 Ra1 55. Kb2 1/2-1/2

[Event "Campionatul  National de sah pentru cop"]
[Site "Calimanesti-Caciulata"]
[Date "2015.04.03"]
[Round "6.6"]
[White "Mongescu, Victor"]
[Black "Palii, Alex"]
[Result "1-0"]
[WhiteElo "1802"]
[BlackElo "1640"]
[PlyCount "97"]
[EventDate "2015.03.30"]
[EventRounds "7"]

1. e4 c5 2. c3 d5 3. exd5 Qxd5 4. d4 Nc6 5. Nf3 Bg4 6. Be2 Nf6 7. h3 Bf5 8. O-O
e6 9. Be3 cxd4 10. cxd4 Qd8 11. Nc3 Bd6 12. Qb3 a6 13. a3 O-O 14. Rac1 Re8 15.
Rfd1 Na5 16. Qa2 Nd5 17. b4 Nc6 18. Nxd5 exd5 19. Kh1 Be4 20. Ng5 h6 21. Nxe4
dxe4 22. Qd5 Qf6 23. Qh5 Bf4 24. Rc5 g6 25. Qg4 Bd6 26. Rh5 g5 27. h4 Bf4 28.
hxg5 Bxg5 29. Bxg5 hxg5 30. Rxg5+ Kf8 31. Rg8+ Ke7 32. Qxe4+ Qe6 33. Qxe6+ fxe6
34. Rxe8+ Rxe8 35. g3 Rd8 36. Bf3 e5 37. Bxc6 bxc6 38. Re1 Rxd4 39. Rxe5+ Kd6
40. Ra5 Rd1+ 41. Kg2 Kc7 42. Rxa6 Kb7 43. Ra5 Kb6 44. Kh3 Rd5 45. Rxd5 cxd5 46.
Kg4 Kb5 47. Kf3 Kc4 48. Ke2 Kb3 49. Kd3 1-0

[Event "Campionatul  National de sah pentru cop"]
[Site "Calimanesti-Caciulata"]
[Date "2015.04.02"]
[Round "4.12"]
[White "Datcu-Goiceanu, David"]
[Black "Palii, Alex"]
[Result "0-1"]
[WhiteElo "1813"]
[BlackElo "1640"]
[PlyCount "110"]
[EventDate "2015.03.30"]
[EventRounds "7"]

1. e4 c5 2. c3 d5 3. exd5 Qxd5 4. d4 Nc6 5. Nf3 Nf6 6. Be3 cxd4 7. cxd4 e6 8.
Nc3 Qd8 9. a3 Bd6 10. Bd3 O-O 11. O-O e5 12. d5 Ne7 13. Bg5 Nd7 14. Qc2 h6 15.
Bh4 Nc5 16. Bh7+ Kh8 17. b4 Na6 18. Bd3 f5 19. Bxa6 bxa6 20. h3 g5 21. Bg3 f4
22. Bh2 Bf5 23. Qe2 Rc8 24. Rac1 a5 25. Nxe5 axb4 26. axb4 Bxb4 27. Nb5 Qxd5
28. Nc7 Qe4 29. Qb2 Kh7 30. Rc4 Qb7 31. Rfc1 a5 32. Qe2 Bd6 33. Nf3 Rf7 34. Ne6
Rxc4 35. Qxc4 Qd5 36. Qxd5 Nxd5 37. Ned4 Be4 38. Nd2 Bg6 39. Nc4 Bb4 40. Ne5
Rc7 41. Rxc7+ Nxc7 42. Nxg6 Kxg6 43. Kf1 a4 44. Nc2 Bc5 45. Ke2 a3 46. Kd3 a2
47. g3 Kf5 48. g4+ Ke6 49. Kc4 Bxf2 50. Kb3 a1=Q 51. Nxa1 Ke5 52. Kc2 Ke4 53.
Kd1 Kf3 54. Nc2 Kg2 55. Ke2 f3+ 0-1

[Event "Campionatul  National de sah pentru cop"]
[Site "Calimanesti-Caciulata"]
[Date "2015.04.02"]
[Round "5.11"]
[White "Palii, Alex"]
[Black "Ilonczai, Levente-David"]
[Result "1-0"]
[WhiteElo "1640"]
[BlackElo "1742"]
[PlyCount "51"]
[EventDate "2015.03.30"]
[EventRounds "7"]

1. e4 d5 2. exd5 Qxd5 3. Nc3 Qa5 4. d4 c6 5. Nf3 Bg4 6. Be2 e6 7. O-O Nf6 8.
Bf4 Nbd7 9. a3 Nd5 10. Nxd5 exd5 11. Re1 Be7 12. Bd3 Be6 13. Ng5 Bxg5 14. Bxg5
h6 15. Qh5 Nf8 16. f4 g6 17. Qh4 h5 18. Bf6 Rg8 19. f5 gxf5 20. Bxf5 Kd7 21.
Qxh5 Ng6 22. Bxe6+ fxe6 23. Qh7+ Kd6 24. Be5+ Nxe5 25. dxe5+ Kc5 26. b4+ 1-0

[Event "Campionatul  National de sah pentru cop"]
[Site "Calimanesti-Caciulata"]
[Date "2015.04.01"]
[Round "3.18"]
[White "Palii, Alex"]
[Black "Ion, Dragos-Cosmin"]
[Result "1/2-1/2"]
[WhiteElo "1640"]
[BlackElo "1428"]
[PlyCount "57"]
[EventDate "2015.03.30"]
[EventRounds "7"]

1. e4 e5 2. Bc4 Bc5 3. Nc3 d6 4. d3 Nc6 5. Na4 Nf6 6. Nxc5 dxc5 7. f4 O-O 8.
Nf3 Bg4 9. h3 Bxf3 10. Qxf3 Nd4 11. Qf2 exf4 12. Bxf4 Qe7 13. O-O-O b5 14. Bb3
a5 15. e5 Nxb3+ 16. axb3 Nd5 17. Bg3 a4 18. Bh4 g5 19. Bg3 axb3 20. cxb3 f5 21.
Qf3 Qe6 22. Bf2 Qxe5 23. d4 Ra1+ 24. Kc2 Nb4+ 25. Kc3 Na2+ 26. Kc2 Nb4+ 27. Kc3
Na2+ 28. Kc2 Nb4+ 29. Kc3 1/2-1/2